Red de Mujeres por la Paz: edición especial sobre paz, gobernabilidad urbana, y derechos de la mujer a la tierra y la propiedad. Women and peace network: special issue on peace, urban governance, land and property rights of women
Salvato in:
| Natura: | testo |
|---|---|
| Pubblicazione: |
[San José]:
Fundación Arias para la Paz y el Progreso Humano
|
| Soggetti: | |
| Tags: |
Aggiungi Tag
Nessun Tag, puoi essere il primo ad aggiungerne!!
|
MARC
| LEADER | 00000 a a2200000 04500 | ||
|---|---|---|---|
| 001 | 32845 | ||
| 003 | |||
| 040 | |a CRAI/IIS |c CRAI/IIS | ||
| 090 | |a 197301 | ||
| 245 | |a Red de Mujeres por la Paz: edición especial sobre paz, gobernabilidad urbana, y derechos de la mujer a la tierra y la propiedad. Women and peace network: special issue on peace, urban governance, land and property rights of women | ||
| 260 | |a [San José]: |b Fundación Arias para la Paz y el Progreso Humano | ||
| 300 | |a 38 p. | ||
| 650 | |a GOBERNABILIDAD | ||
| 650 | |a TENENCIA DE LA TIERRA | ||
| 650 | |a EQUIDAD SOCIAL | ||
| 650 | |a GENERO | ||
| 650 | |a AMERICA CENTRAL | ||
| 999 | |c 12679 |d 12679 | ||
